Socioeconomic Inequality in Central and Eastern Europe Multidisciplinary Perspectives on Regional Disparities

Gespeichert in:
Bibliographische Detailangaben
Weitere Verfasser: Wędrowska, Ewa, Goliński, Michał, Doligalski, Tymoteusz
Format: Buch
Sprache:Englisch
Veröffentlicht: Abingdon Routledge/Taylor & Francis Group 2025
Ausgabe:1st Edition
Schlagworte:
Tags: Tag hinzufügen
Keine Tags, Fügen Sie das erste Tag hinzu!

MARC

LEADER 00000nam a2200000 4500
001 0313156
005 20260113122237.5
020 |a 9781040393024 
041 0 |a eng 
044 |a GB 
245 1 0 |a Socioeconomic Inequality in Central and Eastern Europe  |b Multidisciplinary Perspectives on Regional Disparities  |c Edited by Ewa Wędrowska ... [et al.] 
250 |a 1st Edition 
264 1 |a Abingdon  |b Routledge/Taylor & Francis Group  |c 2025 
300 |a 231 s. 
500 |a ProQuest e-books. 
610 2 0 |a rozdiely regionálne 
610 2 0 |a nerovnosť sociálna 
610 2 0 |a nerovnosť príjmová 
610 2 0 |a nerovnosť rodová 
610 2 0 |a východná Európa 
610 2 0 |a stredná Európa 
700 1 |a Wędrowska, Ewa 
700 1 |a Goliński, Michał 
700 1 |a Doligalski, Tymoteusz